Detalles MARC
| 000 -LEADER |
| fixed length control field |
02238nam a2200577 a 4500 |
| 005 - FECHA ULTIMA MODIFICACION |
| control field |
20240325134826.0 |
| 008 - CAMPO DE CONTROL (LIBRO) |
| fixed length control field |
100311s2015||||sp il. f |||| 001 0 spa d |
| 020 ## - INTERNATIONAL STANDARD BOOK NUMBER |
| ISBN |
9788490228784 |
| 041 ## - CODIGO DE IDIOMA |
| Código de idioma del texto/pista de sonido o título separado |
spa |
| 092 ## - SIGNATURA TOPOGRAFICA DEWEY LOCAL |
| número de clasificación |
616.07 |
| libristica |
75 |
| sección |
ROB |
| 100 1# - ENTRADA PRINCIPAL--NOMBRE PERSONAL |
| Nombre personal |
Kumar, Vinay |
| 9 (RLIN) |
127 |
| 245 ## - TITULO PROPIAMENTE DICHO |
| Título |
Robbins y Cotran. |
| Subtítulo y Título paralelo |
Patología estructural y funcional / |
| Mención de responsabilidad y remanente de la transcripción de la portada |
Vinay Kumar |
| 250 ## - MENCION DE EDICION |
| Mención de edición |
9a ed. versión en español de la obra original en inglés |
| Mención de responsabilidad relacionada con la ed. |
Revisión Científica F. Manzarbeitia Arambarri y Mª. Jesús Fernández-Aceñero |
| 260 ## - PIE DE IMPRENTA |
| Lugar de publicación, distribución, etc |
Barcelona: |
| Nombre de la editorial, distribuidor, etc |
Elsevier ; Saunders; |
| Fecha de publicación |
2015. |
| 300 ## - DESCRIPCION FISICA |
| Extension |
1391 p. |
| Otros detalles físicos |
il. |
| 500 ## - NOTA GENERAL |
| Nota general |
Kumar, V., Abbas, A. K. y Aster, J. C. (2015). Robbins y Cotran. Patología estructural y funcional. (9a ed.). Barcelona : Elsevier ; Saunders. |
| 590 ## - NOTAS LOCALES (RLIN) |
| Nota local |
Compra PROMED 3er AÑO 2015 |
| 653 ## - TÉRMINO INDIZADO - PALABRAS CLAVES |
| Palabra clave |
La celula como unidad de salud y enfermedad |
| 653 ## - TÉRMINO INDIZADO - PALABRAS CLAVES |
| Palabra clave |
Respuestas celulares al estres y las agresiones toxicas: adaptacion, lesion y muerte. |
| 653 ## - TÉRMINO INDIZADO - PALABRAS CLAVES |
| Palabra clave |
Inflación aguda y reparacion |
| 653 ## - TÉRMINO INDIZADO - PALABRAS CLAVES |
| Palabra clave |
Trastornos hemodinámicos, enfermedad tromboembólica y shock |
| 653 ## - TÉRMINO INDIZADO - PALABRAS CLAVES |
| Palabra clave |
Trastornos genéticos |
| 653 ## - TÉRMINO INDIZADO - PALABRAS CLAVES |
| Palabra clave |
Enfermedades del sistema inmunitario |
| 653 ## - TÉRMINO INDIZADO - PALABRAS CLAVES |
| Palabra clave |
Neoplasias |
| 653 ## - TÉRMINO INDIZADO - PALABRAS CLAVES |
| Palabra clave |
Enfermedades infecciosas |
| 653 ## - TÉRMINO INDIZADO - PALABRAS CLAVES |
| Palabra clave |
Enfermedades ambientales y nutricionales |
| 653 ## - TÉRMINO INDIZADO - PALABRAS CLAVES |
| Palabra clave |
Enfermedades de la lactancia y la infancia |
| 653 ## - TÉRMINO INDIZADO - PALABRAS CLAVES |
| Palabra clave |
Vasos sanguíneos |
| 653 ## - TÉRMINO INDIZADO - PALABRAS CLAVES |
| Palabra clave |
Corazón |
| 653 ## - TÉRMINO INDIZADO - PALABRAS CLAVES |
| Palabra clave |
Enfermedades de los leucocitos, ganglios linfáticos, bazo y timo |
| 653 ## - TÉRMINO INDIZADO - PALABRAS CLAVES |
| Palabra clave |
Trastornos de los eritrocitos y trastornos hemorrágicos |
| 653 ## - TÉRMINO INDIZADO - PALABRAS CLAVES |
| Palabra clave |
Pulmón |
| 653 ## - TÉRMINO INDIZADO - PALABRAS CLAVES |
| Palabra clave |
Cabeza y cuello |
| 653 ## - TÉRMINO INDIZADO - PALABRAS CLAVES |
| Palabra clave |
Tubo digestivo |
| 653 ## - TÉRMINO INDIZADO - PALABRAS CLAVES |
| Palabra clave |
Hígado y vesicula biliar |
| 653 ## - TÉRMINO INDIZADO - PALABRAS CLAVES |
| Palabra clave |
Páncreas |
| 653 ## - TÉRMINO INDIZADO - PALABRAS CLAVES |
| Palabra clave |
Riñón |
| 653 ## - TÉRMINO INDIZADO - PALABRAS CLAVES |
| Palabra clave |
Vías urinarias bajas y aparato genital masculino |
| 653 ## - TÉRMINO INDIZADO - PALABRAS CLAVES |
| Palabra clave |
Aparato genital femenino |
| 653 ## - TÉRMINO INDIZADO - PALABRAS CLAVES |
| Palabra clave |
Mama |
| 653 ## - TÉRMINO INDIZADO - PALABRAS CLAVES |
| Palabra clave |
Sistema endócrino |
| 653 ## - TÉRMINO INDIZADO - PALABRAS CLAVES |
| Palabra clave |
Piel |
| 653 ## - TÉRMINO INDIZADO - PALABRAS CLAVES |
| Palabra clave |
Huesos, articulaciones y tumores de partes blandas |
| 653 ## - TÉRMINO INDIZADO - PALABRAS CLAVES |
| Palabra clave |
Nervio periférico y músculo esquelético |
| 653 ## - TÉRMINO INDIZADO - PALABRAS CLAVES |
| Palabra clave |
Sistema nervioso central |
| 653 ## - TÉRMINO INDIZADO - PALABRAS CLAVES |
| Palabra clave |
Ojo |
| 700 1# - ENTRADAS SECUNDARIAS - NOMBRE PERSONAL |
| Nombre personal |
Kumar, Vinay |
| 9 (RLIN) |
127 |
| 700 1# - ENTRADAS SECUNDARIAS - NOMBRE PERSONAL |
| Nombre personal |
Abbas, Abul K. |
| 9 (RLIN) |
49 |
| 700 1# - ENTRADAS SECUNDARIAS - NOMBRE PERSONAL |
| Nombre personal |
Aster, Jon C. |
| 9 (RLIN) |
50 |
| 942 ## - ADDED ENTRY ELEMENTS (KOHA) |
| Source of classification or shelving scheme |
Dewey Decimal Classification |
| Item type |
Libros |